Oficinas y seguros (Record no. 3659)

MARC details
000 -LEADER
campo de control de longitud fija 00770nam a2200181 i 4500
001 - NÚMERO DE CONTROL
campo de control 3659
003 - IDENTIFICADOR DE NÚMERO DE CONTROL
campo de control ES-MaACL
005 - FECHA Y HORA DE LA ÚLTIMA TRANSACCIÓN
campo de control 20250902073144.0
008 - DATOS DE LONGITUD FIJA--INFORMACIÓN GENERAL
campo de control de longitud fija 200218s1966 sp |||| | spa d
245 00 - MENCIÓN DEL TÍTULO
Título Oficinas y seguros
Resto del título : Reglamentacion nacional de trabajo en oficinas y despachos... Decreto 55 y 56/1963, de 17 de enero y 2419/1966 de 10 de septiembre y normas para su aplicacion Estatutos de las mutualidades laborales. Mejora de prestaciones.
260 ## - PUBLICACIÓN, DISTRIBUCIÓN, ETC.
Lugar de publicación, distribución, etc. Madrid :
Nombre del editor, distribuidor, etc. Garcia Enciso,
Fecha de publicación, distribución, etc. [1966]
300 ## - DESCRIPCIÓN FÍSICA
Extensión 202 p. ;
Dimensiones 16 cm.
490 1# - MENCIÓN DE SERIE
Mención de serie Colección "García Enciso"
650 #4 - PUNTO DE ACCESO ADICIONAL DE MATERIA--TÉRMINO DE MATERIA
Término de materia o nombre geográfico como elemento de entrada Empleados de oficina-
Subdivisión general Estatuto jurídico-
Subdivisión geográfica España.
9 (RLIN) 169618
830 00 - PUNTO DE ACCESO ADICIONAL DE SERIE-TÍTULO UNIFORME
Título uniforme Colección "García Enciso"
9 (RLIN) 176884
852 ## - LOCALIZACIÓN
Ubicación ES-MaACL
Número de control de estantería P-1332-4
Holdings
Estatus retirado Estado de pérdida Estado de daño No para préstamo Biblioteca de origen Biblioteca actual Ubicación en estantería Fecha de adquisición Fuente de adquisición Total de préstamos Signatura topográfica completa Código de barras Visto por última vez Precio de reemplazo Tipo de ítem Koha
        Biblioteca del Ateneo de Madrid Biblioteca del Ateneo de Madrid Depósito 2 08/05/2005     P-1332-4 1201557 23/02/2023 23/02/2023 Libro impreso